000 03549Cam#a22005415a#4500
003 AR-RoUNA
005 20260625121417.0
008 100216s2009||||ag|||||| |||| 0|spa d
020 _a978-987-677-022-4
040 _aAR-RoUNA
_bspa
_dAR-RoUNA
041 _aspa
044 _aag
080 _a378
_x(82)
110 2 _aArgentina. Universidad Nacional de Rosario.
_bSecretaria de Ciencia y Tecnología.
_920604
245 1 0 _aJornadas de Ciencia y Tecnologia, IV :
_bDivulgación de la Producción Científica y Tecnológica de la UNR /
_cSecretaria de Ciencia y Tecnología. coordinado por Clara Eder López
250 _a1a. ed.
260 _aRosario (Santa Fe, Argentina) :
_bLaborde Libros Editor,
_c2011.
300 _a605 p :
_bgráficos
_bil. byn.
_c23x16 cm.
505 0 _aNoemí, Adagio / De Harvard a Mendoza: una revisión de la arquitectura y su aprendizaje, bajo el signo de un "nuevo humanismo" (1946-1962). p. 11
505 0 _aGabriel Azorey; Miguel Garrofé / El ferrocarril en la construcción del Patrimonio Metropolitano de Rosario. Fisherton y Roldán. p. 37
505 0 _aM. Beretta y otros / La memoria y la historia como forma de participación social: el caso de Barrio Acindar de Rosario recuperación participativa de la historia Barrial: caso Barrio Acindar: 1942 al 2010. p. 71
505 0 _aAnalía Brarda; Roberto De Gregorio; Noemí Balmaceda y Elina Heredia / Los edificios escolares en el escenario rural 1945-1955. p. 101
505 0 _aBibiana Cicutti / Identidades cartográficas. La mirada del territorio a través del plano. p. 123
505 0 _aElio Di Bernardo y otros / Sustentabilidad ambiental relativa de los sistemas urbanos. p. 164
505 0 _aSilvia Dócola / La confederación Argentina para Germán Burmeister en 1861. El mapa como recomposición de fragmentos. p. 170
505 0 _aJorge Español / Rosario a través del parabrisas. Planes urbanos y vías de circulación 1954-1968. p. 181
505 0 _aCecilia, Galimberti / Paisaje cultural en la contemporaneidad de la ribera metropolitana de Rosario. p. 223
505 0 _aSilvia Longo / Manuales para vivienda urbana en Argentina (1932-1943). p. 281
505 0 _aIsabel Martínez de San Vicente y otros / Uso del suelo y expansiones urbanas . p. 300
505 0 _aAicia Mateos, César Altuzarra y otros / Evaluación del impacto de las intervenciones 2009 sobre edificios escolares del área metropolitana de Rosario. p. 304
505 0 _aAníbal Moliné Lura; Ana Espinosa; María José Panvini y Horacio Panvini / Incorporación de plásticos como agregado inerte en morteros y hormigones. p. 324
505 0 _aMarcelo Salgado y otros / Vivienda social en relación al desarrollo de iniciativas productivas en Rosario. p. 486
505 0 _aJorge Vázquez; Patricia Mosconi y Sonia Omelianiuk / Iluminación urbana y características espaciales de las calles: análisis de propuestas alternativas en la ciudad de Rosario. p. 564
610 2 4 _aUniversidad Nacional de Rosario.
_bSecretaria de Ciencia y Tecnologia.
_920604
650 4 _aEducacion Superior
650 4 _aJornadas
650 4 _aUniversidades
651 4 0 _aSanta Fe (Argentina)
_962
651 4 0 _aRoldán (Santa Fe, Argentina)
_927800
651 4 0 _aFisherton (Rosario, Santa Fe, Argentina)
_927801
653 _aProducción cientificos
653 _aExploracion Proyectual
908 _aImp
930 _e12357
942 _2udc
_cLIB
945 _aMTC
_d2024-02-29
980 _gMaría Machado
_65
_aMaría Machado
_85
999 _c12495
_d12495